00438 2200181 4500001002100000005001500021035002000036008004100056245004100097100001900138250000600157260003400163300001100197084001400208082000800222650001400230990001200244INLIS00000000000021720240502022916 a0010-0424000193240502 0 ind 1 aLogam Dan Non Logam /cDenise Walker aWalker, Denise a1 aSolo :bTiga Serangkai,c2008 a48 hlm a600 DEN l a600 4aNon Fiksi a0732437